|
|
|
|
| LEADER |
00000nam0a2200000 4500 |
| 001 |
119533 |
| 005 |
20231031124636.0 |
| 020 |
|
|
|a RU
|b 79-92199
|
| 035 |
|
|
|a (RuTPU)RU\TPU\book\129365
|
| 090 |
|
|
|a 119533
|
| 100 |
|
|
|a 20070710d1979 km y0rusy5003 ca
|
| 101 |
1 |
|
|a rus
|c eng
|
| 102 |
|
|
|a RU
|
| 105 |
|
|
|a a z 001zy
|
| 200 |
1 |
|
|a Вихревые движения жидкости. Устойчивость и отрыв пограничного слоя, свободные и квантовые вихри
|e сборник статей
|e пер. с англ.
|f под ред. В. Н. Николаевского , Г. Ю. Степанова, А. Ю. Ишлинского
|
| 210 |
|
|
|a Москва
|c Мир
|d 1979
|
| 215 |
|
|
|a 325 с.
|c ил.
|
| 225 |
1 |
|
|a Механика. Новое в зарубежной науке
|
| 610 |
1 |
|
|a вихревое движение
|
| 610 |
1 |
|
|a гидромеханика
|
| 610 |
1 |
|
|a жидкости
|
| 610 |
1 |
|
|a движение
|
| 610 |
1 |
|
|a квантовые вихри
|
| 610 |
1 |
|
|a пограничный слой
|
| 610 |
1 |
|
|a устойчивость
|
| 675 |
|
|
|a 532.52
|z rus
|
| 702 |
|
1 |
|a Николаевский
|b В. Н.
|g Виктор Николаевич
|4 340
|
| 702 |
|
1 |
|a Степанов
|b Г. Ю.
|4 340
|
| 702 |
|
1 |
|a Ишлинский
|b А. Ю.
|4 070
|
| 801 |
|
0 |
|a RU
|b RuMRKP
|c 19950704
|g psbo
|
| 801 |
|
1 |
|a RU
|b 63413507
|c 20070710
|g PSBO
|
| 801 |
|
2 |
|a RU
|b 63413507
|c 20120622
|g PSBO
|
| 942 |
|
|
|c BK
|